Trace Adkins - Every Light In The House Lyrics - Statistics

General Stats
  • This quiz has been taken 13 times
  • The average score is 176 of 262
Answer Stats
Lyrics % Correct
ever
100%
house
100%
I
100%
in
100%
light
100%
on
100%
on,
100%
on.
100%
the
100%
The
100%
a
86%
and
86%
every
86%
Every
86%
is
86%
leave
86%
back
71%
case
71%
come
71%
home.
71%
home
71%
I'd
71%
of
71%
smiled
71%
to
71%
told
71%
wanted
71%
you
71%
You
71%
you;
71%
you.
71%
can
57%
can't
57%
crack
57%
dawn.
57%
do
57%
front
57%
heart.
57%
how
57%
just
57%
look
57%
me
57%
miss
57%
night.
57%
night
57%
noon
57%
said
57%
So
57%
us
57%
word
57%
your
57%
apart,
43%
as
43%
being
43%
bright
43%
dead
43%
gesture,
43%
gone,
43%
hold
43%
kind
43%
like
43%
much
43%
really
43%
see
43%
show
43%
south,
43%
stand
43%
that
43%
tired
43%
took
43%
appreciate
29%
at
29%
backyard's
29%
each
29%
get
29%
glow.
29%
If
29%
it's
29%
lights,
29%
lights
29%
looks
29%
off
29%
Oh,
29%
one
29%
one.
29%
over.
29%
runway
29%
That's
29%
waiting
29%
walk
29%
you'll
29%
agree
14%
by
14%
'Cause
14%
forgetting,
14%
I'll
14%
should
14%
start
14%
turn
14%
No matching quizzes found
Score Distribution
Percent of People with Each Score
Percentile by Number Answered
Your Score History
You have not taken this quiz